00634nam a22002177a 4500003000500000005001700005008004100022010001000063011001000073035001000083040000900093082001300102110004000115245006400155260003500219300002000254490003900274650003000313650003400343830003900377CHAP20220329135547.0971013s1965 r 00010 d a38517 a39489 a43610 cCHAP a634bE83 aEspaña. Ministerio de Agricultura aNormas internacionales para frutos y productos hortícolas aMadrid :bEl Ministerio,c1965 a206 p.b: ilus. aManuales técnicos. Serie Dv; 3114aFrutaxNormas de calidad.14aLegumbresxNormas de calidad.0 aManuales técnicos. Serie Dv; 31